000 00532nam a2200217Ia 4500
003 0100
008 130303s9999 xx 000 0 und d
020 _a0521422116
040 _cARRUPELIB
050 _aB1607.C25 1997
245 4 _aThe Cambridge companion to Mill
260 _aCambridge
260 _bCambridge University Press
260 _C1997
300 _axiii
300 _b 591p. 24 cm
650 _aPHILOSOPHY
650 _bKant, Immanuel, 1724-1804--Ethics
700 _aJohn Skorupski (ed.)
942 0 0 _02
999 _c13167
_d13167